Capitals of countries on the Tropic of Cancer - Statistics

General Stats
  • This quiz has been taken 11 times
  • The average score is 13 of 16
Answer Stats
Answer % Correct
Abu Dhabi
91%
Beijing
91%
Cairo
91%
Muscat
91%
Riyadh
91%
Taipei
91%
Tripoli
91%
Algiers
82%
Bamako
82%
Dhaka
82%
Mexico City
82%
Naypyidaw
73%
New Delhi
73%
Nouakchott
73%
Niamey
64%
Nassau
55%
No matching quizzes found
Score Distribution
Percent of People with Each Score
Percentile by Number Answered
Your Score History
You have not taken this quiz